| 000 | 01156nam a22002297a 4500 | ||
|---|---|---|---|
| 999 |
_c62458 _d62458 |
||
| 003 | Ge_BSU | ||
| 005 | 20241113114039.0 | ||
| 008 | 241113s1971 ge ||||| |||| 00| 0 geo d | ||
| 041 | _ageo | ||
| 080 | _a611(075.3):612(075.3):613(075.3 ც-89 | ||
| 100 |
_aცუზმერი, ა.მ. _923674 |
||
| 245 |
_aადამიანი. ანატომია. ფიზიოლოგია. ჰიგიენა : _bსაშ. სკ. მე-8 კლ. სახელმძღვ. / _cა.მ. ცუზმერი, ო.ლ. პეტრიშინა, ვ. პარინის რედ. |
||
| 250 | _aმესამე გამოცემა | ||
| 264 |
_aთბილისი : _bგანათლება, _c1971. |
||
| 300 |
_a301 გვ.: _bილ; _c21სმ. |
||
| 653 | _aადამიანის ანატომია. | ||
| 653 | _aადამიანის ფიზიოლოგია. | ||
| 653 | _aადამიანის ჰიგიენა. | ||
| 700 |
_a პეტრიშინა, ო.ლ _923675 |
||
| 700 |
_a პარინი, ვ.ვ. _qრედაქციით _923676 |
||
| 942 |
_2udc _cBK |
||